| 000 -LEADER |
| fixed length control field |
02261cam a22003973a 4500 |
| 001 - CONTROL NUMBER |
| control field |
15590125 |
| 003 - CONTROL NUMBER IDENTIFIER |
| control field |
NUST |
| 005 - DATE AND TIME OF LATEST TRANSACTION |
| control field |
20200130123442.0 |
| 008 - FIXED-LENGTH DATA ELEMENTS--GENERAL INFORMATION |
| fixed length control field |
950724s1974 xx 000 0deng |
| 010 ## - LIBRARY OF CONGRESS CONTROL NUMBER |
| LC control number |
2009656644 |
| 035 ## - SYSTEM CONTROL NUMBER |
| System control number |
coe95000161 |
| 038 ## - RECORD CONTENT LICENSOR |
| Staff Name |
waseem |
| 040 ## - CATALOGING SOURCE |
| Original cataloging agency |
DLC |
| Transcribing agency |
DLC |
| 050 00 - LIBRARY OF CONGRESS CALL NUMBER |
| Classification number |
PN2093 |
| Item number |
.C64 1995 no. A135 |
| 082 ## - DEWEY DECIMAL CLASSIFICATION NUMBER |
| Classification number |
822.33 |
| Author Mark |
SHA |
| 245 00 - TITLE STATEMENT |
| Title |
As you like it. |
| Statement of responsibility, etc. |
Shakespeare |
| 260 ## - PUBLICATION, DISTRIBUTION, ETC. |
| Date of publication, distribution, etc. |
New York : |
| Place of publication, distribution, etc. |
Washington Square press, |
| Name of publisher, distributor, etc. |
1977. |
| 300 ## - PHYSICAL DESCRIPTION |
| Extent |
105 p. |
| 500 ## - GENERAL NOTE |
| General note |
Geary Theatre, North American Premiere engagement July 13-August 4, 1974. |
| 500 ## - GENERAL NOTE |
| General note |
Cast: Michael Beint, Gilbert Wynne, Ian Hanson, John Nettleton, Dennis Edwards, John Flint, David Howey, Adam Kurakin, Paul Hastings, Blake Butler, Rod Willmott, Nigel Hawthorne, Christopher Robb, John Gay, Geoffrey Burridge, John Dallimore, David Mace, Simon Hill, Gregory Floy, David Schofield, Christopher Neame, Gordon Kaye, Raymond Dring, Andrew Johns, Jeff Murray. |
| 500 ## - GENERAL NOTE |
| General note |
Title devised by Library staff. |
| 500 ## - GENERAL NOTE |
| General note |
"Performing arts, San Francisco's music & theatre monthly. July 1974/vol. 8, no. 7"--p. 4. |
| 520 ## - SUMMARY, ETC. |
| Summary, etc. |
Geary Theatre, The American Conservatory Theatre, S. Hurok presents in association with Herman & Diana Shumlin by arrangement with the National Theatre of Great Britain the Clifford Williams production of "As You Like It," by Shakespeare, designed by Ralph Koltai, music by Marc Wilkinson, lighting by Robert Ornbo, with Gregory Floy, Paul Hastings, John Nettleton, Nigel Hawthorne, David Schofield. |
| 580 ## - LINKING ENTRY COMPLEXITY NOTE |
| Linking entry complexity note |
In: Richard L. Coe Theater Programs Collection (Library of Congress). |
| 655 #7 - INDEX TERM--GENRE/FORM |
| Genre/form data or focus term |
Theater programs |
| Geographic subdivision |
California |
| -- |
San Francisco. |
| Source of term |
rbgenr |
| 9 (RLIN) |
28203 |
| 655 #7 - INDEX TERM--GENRE/FORM |
| Genre/form data or focus term |
Theater programs |
| Chronological subdivision |
1974. |
| Source of term |
rbgenr |
| 9 (RLIN) |
28204 |
| 700 1# - ADDED ENTRY--PERSONAL NAME |
| Personal name |
Williams, Clifford, |
| Dates associated with a name |
1926- |
| 9 (RLIN) |
28205 |
| 700 1# - ADDED ENTRY--PERSONAL NAME |
| Personal name |
Shakespeare, William, |
| Dates associated with a name |
1564-1616. |
| Title of a work |
As you like it. |
| 9 (RLIN) |
17233 |
| 710 2# - ADDED ENTRY--CORPORATE NAME |
| Corporate name or jurisdiction name as entry element |
American Conservatory Theater. |
| 9 (RLIN) |
28206 |
| 710 2# - ADDED ENTRY--CORPORATE NAME |
| Corporate name or jurisdiction name as entry element |
National Theatre (Great Britain) |
| 9 (RLIN) |
28207 |
| 710 2# - ADDED ENTRY--CORPORATE NAME |
| Corporate name or jurisdiction name as entry element |
Richard L. Coe Theater Programs Collection (Library of Congress) |
| Institution to which field applies |
DLC |
| 9 (RLIN) |
11214 |
| 752 ## - ADDED ENTRY--HIERARCHICAL PLACE NAME |
| Country or larger entity |
United States |
| First-order political jurisdiction |
California |
| City |
San Francisco. |
| 906 ## - LOCAL DATA ELEMENT F, LDF (RLIN) |
| a |
7 |
| b |
cbc |
| c |
origres |
| d |
2 |
| e |
ncip |
| f |
20 |
| g |
y-genrareb |
| 942 ## - ADDED ENTRY ELEMENTS (KOHA) |
| Source of classification or shelving scheme |
|
| Koha item type |
Book |